[Event "MDA-ch (Women)"]
[Site "Kishinev"]
[Date "2023.02.05"]
[Round "2"]
[White "Chendighilean, Anna"]
[Black "Bitca, Emilia"]
[Result "1-0"]
[WhiteElo "1462"]
[BlackElo "1481"]
[PlyCount "101"]
[EventDate "2023.02.04"]
[EventType "match"]
[EventRounds "9"]
[EventCountry "MDA"]
[SourceTitle "CBM 212 Extra"]
[Source "ChessBase"]
[SourceDate "2023.03.31"]
[SourceVersion "1"]
[SourceVersionDate "2023.03.31"]
[SourceQuality "1"]

1. d4 Nf6 2. Nf3 e6 3. e3 c5 4. Bd3 d5 5. b3 Nc6 6. Bb2 Bd6 7. Nbd2 0-0 8. c4 cxd4 9. exd4 b6 10. 0-0 Bb7 11. Ne5 Ne7 12. Qe2 Rc8 13. f4 Nf5 14. g4 Bxe5 15. dxe5 dxc4 16. Bxf5 exf5 17. Nxc4 Nxg4 18. h3 Nh6 19. Nd6 Rc7 20. Ba3 Bc6 21. Rac1 Qh4 22. Qe3 Qh5 23. Rc3 Qg6+ 24. Kf2 Qg2+ 25. Ke1 Qxa2 26. Qc1 Qg2 27. Qd2 Qxd2+ 28. Kxd2 Bg2 29. Rxc7 Bxf1 30. h4 a6 31. Kc3 Rd8 32. Rb7 b5 33. Ra7 Ng4 34. Nxf5 Rb8 35. Ne7+ Kh8 36. Nf5 Kg8 37. Bd6 Rd8 38. Ne7+ Kh8 39. Nc6 Rc8 40. Kb2 h6 41. Ne7 Re8 42. Nf5 Kg8 43. Bc5 Nh2 44. Nd6 Rd8 45. Rxf7 Bh3 46. f5 Nf3 47. Re7 Nxh4 48. f6 gxf6 49. exf6 Rf8 50. Rg7+ Kh8 51. Nf7+ 1-0

[Event "MDA-ch (Women)"]
[Site "Kishinev"]
[Date "2023.02.04"]
[Round "1"]
[White "Bitca, Emilia"]
[Black "Mihailova, Alina"]
[Result "0-1"]
[WhiteElo "1481"]
[BlackElo "1969"]
[PlyCount "62"]
[EventDate "2023.02.04"]
[EventType "match"]
[EventRounds "9"]
[EventCountry "MDA"]
[SourceTitle "CBM 212 Extra"]
[Source "ChessBase"]
[SourceDate "2023.03.31"]
[SourceVersion "1"]
[SourceVersionDate "2023.03.31"]
[SourceQuality "1"]

1. e4 e5 2. Nf3 Nc6 3. Bb5 a6 4. Ba4 f5 5. Nc3 fxe4 6. Nxe4 Nf6 7. d3 d6 8. h3 Be7 9. c3 0-0 10. Qb3+ Kh8 11. Bxc6 bxc6 12. Neg5 Nd5 13. Qc4 Qe8 14. Bd2 Rb8 15. b4 Nf4 16. Bxf4 Rxf4 17. Qb3 Qg6 18. h4 h6 19. Rd1 c5 20. a3 c4 21. dxc4 hxg5 22. hxg5+ Kg8 23. Qa2 Be6 24. Nd2 Rbf8 25. f3 Bxg5 26. g3 Rxf3 27. Nxf3 Rxf3 28. Rh2 Bh6 29. Rg2 Qe4+ 30. Re2 Qg4 31. Rg2 Bxc4 0-1

[Event "Francophonie-chT Rapid"]
[Site "Tornelo INT"]
[Date "2022.06.04"]
[Round "4.3"]
[White "Ramaj, Ergit"]
[Black "Bitca, Emilia"]
[Result "1-0"]
[WhiteElo "1888"]
[BlackElo "1427"]
[PlyCount "73"]
[EventDate "2022.06.04"]
[EventType "team-swiss (rapid)"]
[EventRounds "11"]
[EventCountry "FRA"]
[SourceTitle "CBM 208 Extra"]
[Source "ChessBase"]
[SourceDate "2022.07.31"]
[SourceVersion "1"]
[SourceVersionDate "2022.07.31"]
[SourceQuality "1"]
[WhiteTeam "Albania"]
[BlackTeam "Moldova"]
[WhiteTeamCountry "ALB"]
[BlackTeamCountry "MDA"]

1. e4 c5 2. Nf3 e6 3. d4 cxd4 4. Nxd4 a6 5. Bd3 Nf6 6. 0-0 d6 7. c4 Bd7 8. Nc3 Nc6 9. Be3 Be7 10. Kh1 0-0 11. b3 Qb8 12. f4 Re8 13. h3 Nxd4 14. Bxd4 e5 15. Be3 b5 16. f5 bxc4 17. Bxc4 Bc6 18. Bg5 Nxe4 19. Nxe4 Bxe4 20. Bxe7 Rxe7 21. f6 gxf6 22. Qg4+ Bg6 23. Rxf6 Qc8 24. Rxg6+ hxg6 25. Qxg6+ Kf8 26. Rf1 Raa7 27. Qxd6 Ke8 28. Qh6 Ra8 29. Rd1 Rd7 30. Qh8+ Ke7 31. Qxe5+ Kd8 32. Rc1 Raa7 33. Qh8+ Kc7 34. Bxa6+ Kb6 35. Qxc8 Re7 36. Qc6+ Ka5 37. Qb5# 1-0

[Event "MDA-ch (Women)"]
[Site "Kishinev"]
[Date "2022.02.25"]
[Round "7"]
[White "Mihailova, Alina"]
[Black "Bitca, Emilia"]
[Result "1-0"]
[WhiteElo "1877"]
[BlackElo "1445"]
[PlyCount "99"]
[EventDate "2022.02.19"]
[EventType "swiss"]
[EventRounds "7"]
[EventCountry "MDA"]
[SourceTitle "CBM 207 Extra"]
[Source "ChessBase"]
[SourceDate "2022.05.31"]
[SourceVersion "1"]
[SourceVersionDate "2022.05.31"]
[SourceQuality "1"]

1. d4 Nf6 2. Nf3 e6 3. g3 b5 4. Bg2 Bb7 5. 0-0 c5 6. a4 b4 7. c4 a5 8. Nbd2 Na6 9. Nb3 Be7 10. Bf4 0-0 11. dxc5 Nxc5 12. Nbd4 d5 13. Ne5 Rc8 14. Rc1 Nfd7 15. Nb5 Nxe5 16. Bxe5 dxc4 17. Na7 Bxg2 18. Kxg2 Qxd1 19. Rfxd1 Nxa4 20. Nxc8 Rxc8 21. b3 Nb6 22. Bd4 Nd5 23. Rxc4 Rxc4 24. bxc4 Nc3 25. Ra1 Nxe2 26. Bb6 h6 27. Rxa5 Nc3 28. Ra8+ Kh7 29. Ba5 Bd6 30. Ra6 Bc5 31. Rc6 Na4 32. Rc7 Kg6 33. Rb7 Kf6 34. Bxb4 Bxb4 35. Rxb4 Nc3 36. c5 Nd5 37. Rc4 Ke7 38. h4 g5 39. Kf3 f5 40. Ke2 Kd7 41. Kd3 e5 42. Ra4 Kc6 43. Kc4 Nc7 44. Rb4 Nd5 45. Rb8 gxh4 46. gxh4 h5 47. Rc8+ Nc7 48. Rh8 Ne6 49. Rxh5 Nxc5 50. Rh6+ 1-0

[Event "Nizami Ganjavi 880 years U17"]
[Site "Tornelo INT"]
[Date "2021.04.03"]
[Round "6.4"]
[White "Bitca, Emilia"]
[Black "Toroptseva, Yevheniia"]
[Result "0-1"]
[WhiteElo "1309"]
[BlackElo "1655"]
[PlyCount "64"]
[EventDate "2021.04.02"]
[EventType "team-swiss (blitz)"]
[EventRounds "9"]
[EventCountry "AZE"]
[SourceTitle "EXT 2023"]
[Source "ChessBase"]
[SourceDate "2022.10.05"]
[SourceVersion "1"]
[SourceVersionDate "2022.10.05"]
[SourceQuality "1"]
[WhiteTeam "Moldova"]
[BlackTeam "Ukraine"]
[WhiteTeamCountry "MDA"]
[BlackTeamCountry "UKR"]

1. e4 c5 2. Nf3 Nc6 3. d4 cxd4 4. Nxd4 Nf6 5. Nc3 e6 6. Be2 Bb4 7. Nxc6 bxc6 8. Qd3 d5 9. exd5 Nxd5 10. 0-0 Nxc3 11. bxc3 Qxd3 12. Bxd3 Bxc3 13. Rb1 0-0 14. Bf4 e5 15. Bg3 Be6 16. a3 Rab8 17. h3 f5 18. f3 Bd4+ 19. Kh1 c5 20. c4 Rfd8 21. Rfe1 f4 22. Bh2 Bc3 23. Rxb8 Rxb8 24. Rc1 Bd2 25. Rd1 Be3 26. Bg1 g6 27. g3 Rd8 28. Be2 Rxd1 29. Bxd1 Bxc4 30. gxf4 exf4 31. Kg2 Bd3 32. a4 a5 0-1

[Event "Nizami Ganjavi 880 years U17"]
[Site "Tornelo INT"]
[Date "2021.04.03"]
[Round "5.8"]
[White "Haapsal, Maria Ioanna"]
[Black "Bitca, Emilia"]
[Result "0-1"]
[WhiteElo "1282"]
[BlackElo "1309"]
[PlyCount "100"]
[EventDate "2021.04.02"]
[EventType "team-swiss (blitz)"]
[EventRounds "9"]
[EventCountry "AZE"]
[SourceTitle "EXT 2023"]
[Source "ChessBase"]
[SourceDate "2022.10.05"]
[SourceVersion "1"]
[SourceVersionDate "2022.10.05"]
[SourceQuality "1"]
[WhiteTeam "Estonia"]
[BlackTeam "Moldova"]
[WhiteTeamCountry "EST"]
[BlackTeamCountry "MDA"]

1. e4 c5 2. b3 e6 3. Bb2 a6 4. f4 d6 5. Nf3 Nc6 6. d3 Nf6 7. Nbd2 Qc7 8. Be2 Be7 9. 0-0 b5 10. g3 Bb7 11. Re1 0-0 12. Bf1 Rac8 13. Bg2 Rfd8 14. Kh1 d5 15. exd5 Nxd5 16. Ne5 Nxe5 17. Bxe5 Bd6 18. Bb2 Be7 19. Ne4 Bf8 20. Qe2 c4 21. Be5 Qc6 22. bxc4 bxc4 23. Rab1 cxd3 24. cxd3 Qd7 25. Nf2 Ba8 26. Rec1 Ne7 27. Bxa8 Rxa8 28. Rb3 Nc6 29. Ba1 Rab8 30. Rbc3 Qd5+ 31. Kg1 Nd4 32. Qe4 Qxe4 33. dxe4 Ne2+ 34. Kg2 Nxc1 35. Rxc1 Rbc8 36. Rb1 Rc2 37. a3 Bc5 38. Rb2 Rxb2 39. Bxb2 Rd2 40. Bc3 Rxf2+ 41. Kg1 Rc2+ 42. Kh1 Rxc3 43. Kg2 Rxa3 44. Kf1 Ra2 45. Ke1 a5 46. Kd1 a4 47. Kc1 a3 48. Kd1 Rxh2 49. Kc1 a2 50. Kd1 a1Q# 0-1

[Event "Hannibal Online op U12"]
[Site "Chess.com INT"]
[Date "2020.06.07"]
[Round "7"]
[White "Verbin, Cleopatra"]
[Black "Bitca, Emilia"]
[Result "0-1"]
[WhiteElo "1029"]
[BlackElo "1238"]
[PlyCount "124"]
[EventDate "2020.06.01"]
[EventType "swiss"]
[EventRounds "9"]
[EventCountry "MDA"]
[SourceTitle "CBM 196 Extra"]
[Source "ChessBase"]
[SourceDate "2020.07.31"]
[SourceVersion "1"]
[SourceVersionDate "2020.07.31"]
[SourceQuality "1"]

1. e4 c5 2. Nf3 e6 3. d4 cxd4 4. Nxd4 a6 5. Nc3 Qc7 6. f4 d6 7. Bd3 Nf6 8. Qf3 Nc6 9. Be3 Rb8 10. 0-0-0 e5 11. Nxc6 bxc6 12. h3 Qb7 13. b3 Qb4 14. Bd2 Qa3+ 15. Kb1 a5 16. Bc1 Qc5 17. Bb2 Qa7 18. Rhf1 Be7 19. g4 Rf8 20. g5 Nd7 21. Bc4 Nb6 22. Bd3 a4 23. Qe3 a3 24. Ba1 Bd7 25. Bc4 Qc7 26. Bd3 Qb7 27. Ne2 f6 28. fxe5 fxe5 29. Rxf8+ Bxf8 30. Rf1 Be6 31. Qf3 Qf7 32. Qxf7+ Bxf7 33. Ng3 Be6 34. h4 Nc4 35. Kc1 Nb6 36. Bc3 Nd7 37. Bb4 Rxb4 38. Nf5 g6 39. Ng3 Nc5 40. Rd1 Be7 41. Kb1 Nxd3 42. cxd3 Bc8 43. Rh1 Rd4 44. Kc2 Ba6 45. Rd1 Kf7 46. Rf1+ Kg7 47. Rd1 h6 48. gxh6+ Kxh6 49. Rh1 Bxd3+ 50. Kc1 Bxe4 51. Nxe4 Rxe4 52. Kd2 Rxh4 53. Rxh4+ Bxh4 54. Ke3 d5 55. Kd3 g5 56. Ke3 g4 57. Ke2 Kg5 58. Ke3 c5 59. Ke2 Kf4 60. Kd3 g3 61. Ke2 g2 62. Kd2 g1Q 0-1

[Event "Hannibal Online op U12"]
[Site "Chess.com INT"]
[Date "2020.06.03"]
[Round "3"]
[White "Stan, Oana Bianca"]
[Black "Bitca, Emilia"]
[Result "1/2-1/2"]
[WhiteElo "1172"]
[BlackElo "1238"]
[PlyCount "46"]
[EventDate "2020.06.01"]
[EventType "swiss"]
[EventRounds "9"]
[EventCountry "MDA"]
[SourceTitle "CBM 196 Extra"]
[Source "ChessBase"]
[SourceDate "2020.07.31"]
[SourceVersion "1"]
[SourceVersionDate "2020.07.31"]
[SourceQuality "1"]

1. d4 Nf6 2. c4 e6 3. Nf3 b6 4. e3 Bb7 5. Nbd2 Be7 6. Bd3 0-0 7. 0-0 c5 8. b3 d5 9. Bb2 Nbd7 10. Qc2 h6 11. h3 Rc8 12. Rac1 dxc4 13. bxc4 cxd4 14. exd4 Qc7 15. Qb3 Rfd8 16. Rfe1 Qb8 17. Rc2 Rc7 18. Rec1 Rdc8 19. Ba3 Bxa3 20. Qxa3 Qa8 21. Re1 Nh5 22. Be4 Bxe4 23. Rxe4 Nhf6 1/2-1/2

[Event "Hannibal Online op U12"]
[Site "Chess.com INT"]
[Date "2020.06.02"]
[Round "2"]
[White "Bitca, Emilia"]
[Black "Iuga, Ioan Alexandru"]
[Result "1/2-1/2"]
[WhiteElo "1238"]
[BlackElo "1613"]
[PlyCount "83"]
[EventDate "2020.06.01"]
[EventType "swiss"]
[EventRounds "9"]
[EventCountry "MDA"]
[SourceTitle "CBM 196 Extra"]
[Source "ChessBase"]
[SourceDate "2020.07.31"]
[SourceVersion "1"]
[SourceVersionDate "2020.07.31"]
[SourceQuality "1"]

1. e4 e6 2. d4 d5 3. Nd2 Nf6 4. e5 Nfd7 5. Bd3 c5 6. c3 Nc6 7. Ne2 Be7 8. 0-0 0-0 9. Nf3 f6 10. exf6 Nxf6 11. Ng3 Bd7 12. Re1 h6 13. b3 cxd4 14. cxd4 Rc8 15. Bb2 Nb4 16. Bf1 Nc2 17. Rc1 Nxe1 18. Qxe1 Rxc1 19. Qxc1 Qc8 20. Qb1 Qc6 21. Ne5 Qc7 22. Bd3 Bd6 23. Nf3 Rc8 24. Nf1 Bb4 25. g3 Bc3 26. Kg2 Bxb2 27. Qxb2 Qc3 28. Qe2 Re8 29. Ne3 Ne4 30. Nd1 Qa5 31. Ne5 Nf6 32. Bg6 Re7 33. Nxd7 Nxd7 34. Ne3 e5 35. Nf5 Re6 36. Bh5 g6 37. Bxg6 Rxg6 38. Ne7+ Kg7 39. Nxg6 Kxg6 40. Qg4+ Kf6 41. Qxd7 exd4 42. Qd6+ 1/2-1/2